<?xml version="1.0" encoding="UTF-8"?>
<record
    xmlns:xsi="http://www.w3.org/2001/XMLSchema-instance"
    xsi:schemaLocation="http://www.loc.gov/MARC21/slim http://www.loc.gov/standards/marcxml/schema/MARC21slim.xsd"
    xmlns="http://www.loc.gov/MARC21/slim">

  <leader>01348nam a22003377  4500</leader>
  <controlfield tag="001">60403</controlfield>
  <controlfield tag="003">CO-BoRNBP</controlfield>
  <controlfield tag="005">20260204220454.0</controlfield>
  <controlfield tag="007">ta</controlfield>
  <controlfield tag="008">011106s2000    ck           o||| ||spa  </controlfield>
  <datafield tag="020" ind1=" " ind2=" ">
    <subfield code="a">9588052467</subfield>
  </datafield>
  <datafield tag="040" ind1=" " ind2=" ">
    <subfield code="a">SpMaBN</subfield>
    <subfield code="b">spa</subfield>
    <subfield code="c">SpMaBN</subfield>
    <subfield code="e">rdc</subfield>
  </datafield>
  <datafield tag="080" ind1=" " ind2=" ">
    <subfield code="a">821.134.2(861)-3.09"19"</subfield>
  </datafield>
  <datafield tag="084" ind1=" " ind2=" ">
    <subfield code="a">00</subfield>
  </datafield>
  <datafield tag="245" ind1="0" ind2="0">
    <subfield code="a">Literatura y cultura</subfield>
    <subfield code="h">[Texto impreso] :</subfield>
    <subfield code="b">narrativa colombiana del siglo XX</subfield>
    <subfield code="c">compilaci&#xF3;n y edici&#xF3;n, Mar&#xED;a Mercedes Jaramillo, Betty Osorio, &#xC1;ngela In&#xE9;s Robledo</subfield>
  </datafield>
  <datafield tag="250" ind1=" " ind2=" ">
    <subfield code="a">1&#xAA; ed.</subfield>
  </datafield>
  <datafield tag="300" ind1=" " ind2=" ">
    <subfield code="a">3 v. (766, 646, 598 p.)</subfield>
    <subfield code="c">21 cm</subfield>
  </datafield>
  <datafield tag="336" ind1=" " ind2=" ">
    <subfield code="2">rdacontent</subfield>
    <subfield code="a">texto</subfield>
    <subfield code="b">txt</subfield>
  </datafield>
  <datafield tag="337" ind1=" " ind2=" ">
    <subfield code="2">rdamedia</subfield>
    <subfield code="a">sin mediaci&#xF3;n</subfield>
    <subfield code="b">n</subfield>
  </datafield>
  <datafield tag="338" ind1=" " ind2=" ">
    <subfield code="2">rdacarrier</subfield>
    <subfield code="a">volumen</subfield>
    <subfield code="b">nc</subfield>
  </datafield>
  <datafield tag="500" ind1=" " ind2=" ">
    <subfield code="a">"Beca de Excelencia"--Cub.</subfield>
  </datafield>
  <datafield tag="505" ind1="0" ind2=" ">
    <subfield code="a">v. 1. La naci&#xF3;n moderna ; Identidad v. 2. Diseminaci&#xF3;n, cambios, desplazamientos v. 3. Hibridez y alteridades</subfield>
  </datafield>
  <datafield tag="650" ind1=" " ind2="7">
    <subfield code="a">Novela colombiana</subfield>
    <subfield code="y">S.XX</subfield>
    <subfield code="x">Historia y cr&#xED;tica</subfield>
    <subfield code="2">embne</subfield>
    <subfield code="9">68570</subfield>
  </datafield>
  <datafield tag="700" ind1="1" ind2=" ">
    <subfield code="a">Jaramillo, Mar&#xED;a Mercedes</subfield>
    <subfield code="9">24611</subfield>
  </datafield>
  <datafield tag="700" ind1="1" ind2=" ">
    <subfield code="a">Osorio, Betty</subfield>
    <subfield code="9">51026</subfield>
  </datafield>
  <datafield tag="700" ind1="1" ind2=" ">
    <subfield code="a">Robledo, &#xC1;ngela In&#xE9;s</subfield>
    <subfield code="d">1954-</subfield>
    <subfield code="9">68571</subfield>
  </datafield>
  <datafield tag="942" ind1=" " ind2=" ">
    <subfield code="2">ddc</subfield>
    <subfield code="c">BK</subfield>
  </datafield>
  <datafield tag="956" ind1=" " ind2=" ">
    <subfield code="a">1 2</subfield>
  </datafield>
  <datafield tag="980" ind1=" " ind2=" ">
    <subfield code="a">SpMaBN</subfield>
    <subfield code="b">BNALCALA</subfield>
    <subfield code="j">12/101199-12/101201</subfield>
    <subfield code="c">SG_PETANTI</subfield>
    <subfield code="8">1</subfield>
    <subfield code="a">v.</subfield>
    <subfield code="8">1.1</subfield>
    <subfield code="a">1</subfield>
    <subfield code="8">1.2</subfield>
    <subfield code="a">2</subfield>
    <subfield code="8">1.3</subfield>
    <subfield code="a">3</subfield>
    <subfield code="8">0</subfield>
    <subfield code="a">3 v.</subfield>
  </datafield>
  <datafield tag="980" ind1=" " ind2=" ">
    <subfield code="a">958-8052-46-7</subfield>
    <subfield code="a">SpMaBN</subfield>
    <subfield code="b">BNMADRID</subfield>
    <subfield code="j">9/220516-9/220518</subfield>
    <subfield code="c">SG_RECOLET</subfield>
    <subfield code="8">1</subfield>
    <subfield code="a">v.</subfield>
    <subfield code="8">1.1</subfield>
    <subfield code="a">1</subfield>
    <subfield code="8">1.2</subfield>
    <subfield code="a">2</subfield>
    <subfield code="8">1.3</subfield>
    <subfield code="a">3</subfield>
    <subfield code="8">0</subfield>
    <subfield code="a">3 v.</subfield>
  </datafield>
  <datafield tag="999" ind1=" " ind2=" ">
    <subfield code="c">60403</subfield>
    <subfield code="d">60403</subfield>
  </datafield>
  <datafield tag="952" ind1=" " ind2=" ">
    <subfield code="0">0</subfield>
    <subfield code="1">0</subfield>
    <subfield code="2">ddc</subfield>
    <subfield code="4">0</subfield>
    <subfield code="7">0</subfield>
    <subfield code="8">GEN</subfield>
    <subfield code="a">MELEJANI</subfield>
    <subfield code="b">MELEJANI</subfield>
    <subfield code="c">GEN</subfield>
    <subfield code="d">2026-02-04</subfield>
    <subfield code="l">0</subfield>
    <subfield code="o">00</subfield>
    <subfield code="p">LEJ02105</subfield>
    <subfield code="r">2026-02-04 22:05:54</subfield>
    <subfield code="t">Ej.1</subfield>
    <subfield code="w">2026-02-04</subfield>
    <subfield code="y">BK</subfield>
  </datafield>
</record>
